000 00918nas a2200265 454500
001 30029
005 20260407193508.0
008 260407s2009####ag###########|||spa#d
003 AR-UNSa-BCEJYS
040 _aAR-UNSa-BCEJYS
_bspa
_cAR-UNSa-BCEJYS
080 _a06
_xOrganizaciones y otros tipos de cooperación. Asociaciones. Congresos. Exposiciones. Museos
245 1 0 _aSede Salta
_pRevista empresarial especializada en turismo de reuniones
264 1 _aBuenos Aires :
_bSol del Norte Eventos
_c2009
310 _aFrecuencia: Irregular
041 _aspa
942 _cSER
590 _aniveau_biblio:s niveau_hierar:1
100 1 _aUrtubey, María Soledad
650 _aMarketing
650 _aTurismo cultural
650 _aSalta
650 _aORGANIZACION DE EVENTOS
650 _aREUNIONES
856 4 1 _uhttps://biblioeco.unsa.edu.ar/pmb/images/revistas/Sede Salta-r14567.jpg
_yImagen de portada
_qimage/jpeg
999 _c8689
_d8689